|
|
|
|
| LEADER |
01010nam a22002894a 4500 |
| 001 |
29518 |
| 003 |
BD-DhAAL |
| 005 |
20150802103009.0 |
| 008 |
150802s2006 enka b 001 0 eng |
| 010 |
|
|
|a 2007272556
|
| 020 |
|
|
|a 9781844670956 (pbk.)
|
| 020 |
|
|
|a 1844670953 (pbk.)
|
| 040 |
|
|
|a DLC
|c DLC
|d DLC
|d BD-DhAAL
|
| 050 |
0 |
0 |
|a HB501
|b .H3597 2006
|
| 082 |
0 |
0 |
|a 335.412
|2 22
|
| 100 |
1 |
|
|a Harvey, David,
|d 1935-
|9 13263
|
| 245 |
1 |
4 |
|a The limits to capital /
|c David Harvey.
|
| 250 |
|
|
|a New and fully updated ed.
|
| 260 |
|
|
|a London ;
|a New York :
|b Verso,
|c 2006.
|
| 300 |
|
|
|a xxxiv, 478 p. :
|b ill. ;
|c 24 cm.
|
| 504 |
|
|
|a Includes bibliographical references (p. [452]-465) and indexes.
|
| 541 |
|
|
|e 29518
|
| 650 |
|
0 |
|a Capitalism.
|9 13415
|
| 650 |
|
0 |
|a Marxian economics.
|9 10718
|
| 942 |
|
|
|2 ddc
|c BK
|
| 999 |
|
|
|c 35122
|d 35122
|
| 952 |
|
|
|0 0
|1 0
|2 ddc
|4 0
|6 335_412000000000000_HAR
|7 0
|9 55066
|a BRACUL
|b BRACUL
|c GEN
|d 2015-08-02
|e Karim International
|g 4200.00
|l 0
|o 335.412 HAR
|p 3010029518
|r 2015-08-02
|t 1
|w 2015-08-02
|y BK
|